La Industria de bienes de capital y los centros tecnológicos universitarios en Costa Rica /
El trabajo lleva como objetivo central el demostrar el estado de la relación existente entre la industria de bienes de capital y los centros tecnológicos universitarios en Costa Rica. Resalta cómo esta relación se ha estrechado y se justifica el incremento en esta relación como un recurso básico par...
Guardado en:
| Hovedforfatter: | |
|---|---|
| Andre forfattere: | |
| Format: | Texto |
| Fag: | |
| Tags: |
Tilføj Tag
Ingen Tags, Vær først til at tagge denne postø!
|
MARC
| LEADER | 00000 a a2200000 04500 | ||
|---|---|---|---|
| 001 | 3104 | ||
| 003 | |||
| 040 | |||
| 100 | |a Monge Guevara, Guillermo | ||
| 245 | |a La Industria de bienes de capital y los centros tecnológicos universitarios en Costa Rica / |c Guillermo Monge Guevara ; Roberto Hidalgo Araya | ||
| 520 | |a El trabajo lleva como objetivo central el demostrar el estado de la relación existente entre la industria de bienes de capital y los centros tecnológicos universitarios en Costa Rica. Resalta cómo esta relación se ha estrechado y se justifica el incremento en esta relación como un recurso básico para el desarrollo nacional y se proponen varias acciones para avanzar en este sentido. Todo ello enfocado en el contexto del papel jugado por ese sector en los países en desarrollo y los desarrollados. Dentro de los puntos analizados en el trabajo se encuentran: la industria de bienes de capital y desarrollo, luego la industria de bienes de capital en Costa Rica. En la tercera parte se analiza la situación y las posibilidades de los centros tecnológicos universitarios en relación con la industria de bienes de capital. OB/JM | ||
| 650 | |a BIENES DE CAPITAL | ||
| 650 | |a INDUSTRIALIZACION | ||
| 650 | |a PAISES DESARROLLADOS | ||
| 650 | |a PAISES EN DESARROLLO | ||
| 650 | |a PRODUCCION INDUSTRIAL | ||
| 650 | |a CAMBIO TECNOLOGICO | ||
| 650 | |a POLITICA INDUSTRIAL | ||
| 650 | |a ECONOMIA | ||
| 650 | |a ESTADO | ||
| 650 | |a POLITICA ECONOMICA | ||
| 650 | |a EMPLEO | ||
| 650 | |a IMPORTACIONES | ||
| 700 | |a Hidalgo Araya, Roberto | ||
| 773 | |g volumen 8, número 1; páginas 55-66 | ||
| 999 | |c 38296 |d 38296 | ||
| 773 | 0 | |0 19111 |9 4463 |a Universidad de Costa Rica. Facultad de Ciencias Económicas. Instituto de Investigaciones en Ciencias Económicas |d San José, Costa Rica : Universidad de Costa Rica. Facultad de Ciencias Económicas. Instituto de Investigaciones en Ciencias Económicas; Colegio de Licenciados en Ciencias Económicas y Sociales |o MFN: 0148 |t Revista de Ciencias Económicas / |x 02529521 | |
